| 000 | 00642 a2200193 4500 | ||
|---|---|---|---|
| 999 |
_c183349 _d183349 |
||
| 005 | 20211223125216.0 | ||
| 010 | _aENG-130554 | ||
| 020 |
_a978-0-19-012625-4 _c1,495.00 |
||
| 035 | _aEN-114086 | ||
| 037 | _bDBAD/PUB | ||
| 082 |
_a880 _b1 |
||
| 100 | _aRoye, Susmita | ||
| 245 |
_aMothering India: _bWomen's Fiction in English Shaping/ _cSusmita Roye |
||
| 250 | _a2020 | ||
| 260 |
_aIndia _bOxford University Press _c2020 |
||
| 270 |
_a22 Workspace, 2nd Floor, 1/22 Asaf Ali Road _bNew Delhi _e110002 |
||
| 300 |
_a187p. _c22cm (hbk) _bGlossary, Bibliography, Index, About the Author |
||
| 942 |
_adpl _cEN _2ddc _h880 _mROY |
||